000 01461nam a22002177a 4500
999 _c62220
_d62220
003 Ge_BSU
005 20240805144731.0
008 240805s2024 ge ||||| |||| 00| 0 geo d
020 _a9789941841880
041 _ageo
080 _a327.51 ა-94
100 _aაღნიაშვილი, თინათინ
_eავტორი
_923065
245 _aსტრატეგიული კომუნიკაციების სახელმძღვანელო /
_cთინათინ აღნიაშვილი
264 _a[თბილისი]
_c2024.
300 _a87 გვ.:
_b21 სმ.
653 _aსტრატეგიული კომუნიკაციების სახელმძღვანელო
653 _aსახელმძღვანელო შედგენილია ნატო-საქართველოს პროფესიული განვითარების პროგრამის ფარგლებში გამოცემულ გზამკვლევზე-,, სტრატეგიული კომუნიკაციები-პრაქტიკული რჩევა სტრატეგიული ლიდერებისათვის" დაყრდნობით.
653 _aსაერთაშორისო ურთიერთობები
773 _tნაჩუქარი
942 _2udc
_cBK